000 00882nam a2200229 a 4500
001 BRCA_7339
005 20190320205811.0
008 090910s2012----ne-o######---#000-0#spa-#
020 _a9789053307878
041 _aspa
044 _ane
050 4 _aTR820
_b.W67 2012
245 1 0 _aWorld Press Photo 12
_ctraducción Cristina Rodríguez Fischer.
260 _aÁmsterdam, Países Bajos
_bSchilt Publishing : Stichting World Press Photo
_c2012
300 _a158 p.
_bil. (algunas a color)
_c30 cm.
500 _aIncluye lista de participantes del concurso 2012
500 _aCatálogo de la exposición realizada en el Museo Franz Mayer (Ciudad de México), 31 agosto - 30 septiembre, 2012
650 1 4 _aFotoperiodismo
_vExposiciones
_xPremios
_95406
650 1 4 _aFotografía
_vExposiciones
_xPremios
_95407
700 1 _aRodríguez Fischer, Cristina
_etr.
_911352
942 _2lcc
_cB
999 _c7015
_d7015